| 000 | 01526nam a22003257a 4500 | ||
|---|---|---|---|
| 001 | 1568 | ||
| 003 | BR-CuiBMT | ||
| 005 | 20231215211656.0 | ||
| 008 | 231215s2017 mtba 100 0 por d | ||
| 020 | _a9788563867124 | ||
| 040 |
_aBR-CuiBMT _cBR-CuiBMT |
||
| 080 |
_a796.1 _x(=87) _x(062) _22007 |
||
| 090 |
_a796.1(=87)(062) _bJ64x |
||
| 111 | 1 |
_aJogos dos Povos Indígenas _n(12. : _d2017 : _cCuiabá, MT) |
|
| 245 | 1 | 0 |
_aXII jogos indígenas = _bIndigenous games = XII juego de los pueblos indígenas / _ccoordenação Lauristela Guimarães, Daniel Munduruku ; textos Lauristela Guimarães, Rafaela Maximiano ; revisão Doralice Jacomazi ; tradução inglês Fabiano Souza, tradução espanhol Angela Maria Fernandes ; fotos Antonio Carlos Ferreira Banavita. |
| 246 | 1 | 1 | _aIndigenous games |
| 246 | 1 | 1 | _aXII juego de los pueblos indígenas |
| 246 | 1 | 2 | _aDécimo segundo jogos indígenas |
| 250 | _a1. ed. | ||
| 260 |
_aCuiabá : _bPrimeira Página, _c2017. |
||
| 300 |
_a145 p. : _bprincipalmente il. color. ; _c30 cm + _e1 CD-ROM |
||
| 500 | _aTextos em português com tradução paralela para o inglês e para o espanhol. | ||
| 590 | _aApenas o exemplar 1 possui material adicional (CD-ROM). | ||
| 611 | 2 | 4 |
_aJogos Indígenas _xObras ilustradas |
| 650 | 0 | 4 |
_aIndígenas da América do Sul _xEsportes _zBrasil _xObras ilustradas |
| 700 | 1 |
_aGuimarães, Lauristela _ecoordenação |
|
| 700 | 1 |
_aMunduruku, Daniel, _d1964- _ecoordenação |
|
| 700 | 1 |
_aBanavita, Antonio Carlos Ferreira _efotografias |
|
| 942 |
_2udc _cLV |
||
| 999 |
_c1568 _d1568 |
||